An Investigation into English Lexical Choice in Trade Advertisements Advertisements

Kaydedildi:
Detaylı Bibliyografya
Yazar: Ngô Thị Hồng
Materyal Türü: Bilinmiyor
Dil:English
Baskı/Yayın Bilgisi: Khoa Anh Ngữ 2004
Konular:
Etiketler: Etiketle
Etiket eklenmemiş, İlk siz ekleyin!
Thư viện lưu trữ: Mạng thư viện Đại học Đà Nẵng
LEADER 00772na a2200229 4500
001 000031133
003 5530
005 20151001092429.0
008 151001s2004 000 eng
082 |a 420.65  |b NG-H  |2 Advertisements 
100 |a Ngô Thị Hồng 
245 |a An Investigation into English Lexical Choice in Trade Advertisements  |c Ngô Thị Hồng  |n Advertisements 
260 |a Khoa Anh Ngữ  |c 2004 
300 |a 68tr. : mh ; 30cm 
650 |a An Investigation into English Lexical Choice in Trade Advertisements, Advertisements, 2004, Ngô Thị Hồng 
OWN |a LNN 
999 |a From the UDN01 
TYP |a Printed language 
980 |a Mạng thư viện Đại học Đà Nẵng